Beatles Songs with the Longest Titles - Statistics

General Stats
  • This quiz has been taken 64 times
  • The average score is 8 of 13
Answer Stats
Album # of Words Answer % Correct
Sgt. Pepper's Lonely Hearts Club Band 7 Sgt. Pepper's Lonely Hearts Club Band (Reprise)
90%
The Beatles (The White Album) 10 Everybody's Got Something to Hide Except Me and My Monkey
75%
Sgt. Pepper's Lonely Hearts Club Band 7 With a Little Help From My Friends
73%
Abbey Road 7 She Came In Through the Bathroom Window
70%
Sgt. Pepper's Lonely Hearts Club Band 7 Being For the Benefit of Mr. Kite!
68%
Help! 7 You've Got to Hide Your Love Away
65%
Revolver 7 Got to Get You Into My Life
63%
Please Please Me 7 Do You Want to Know a Secret
58%
A Hard Day's Night 7 I'm Happy Just to Dance with You
58%
The Beatles (The White Album) 8 Why Don't We Do It In the Road?
50%
Single 8 You Know My Name (Look Up the Number)
35%
Beatles For Sale 7 I Don't Want to Spoil the Party
33%
With The Beatles 7 You Really Got a Hold On Me
33%
No matching quizzes found
Score Distribution
Percent of People with Each Score
Percentile by Number Answered
Your Score History
You have not taken this quiz